[Event "AbuDhabiMaster"]
[Site "AbuDhabi"]
[Date "2005.??.??"]
[Round "3"]
[White "Dobrov, Vladimir"]
[Black "Safarli, Eltaj"]
[Result "1/2-1/2"]
[WhiteElo "2535"]
[BlackElo "2335"]
[PlyCount "133"]
[EventDate "2005.??.??"]
[WhiteTeam "Russia"]
[BlackTeam "Azerbaijan"]
[WhiteTeamCountry "RUS"]
[BlackTeamCountry "AZE"]

1. e4 c5 2. a3 g6 3. h4 h5 4. Nc3 Nc6 5. Bc4 Bg7 6. d3 Nf6 7. Bg5 d6 8. Qd2 a6
9. Nge2 b5 10. Ba2 O-O 11. Nf4 Kh7 12. f3 b4 13. axb4 cxb4 14. Nce2 Qa5 15. Kf2
b3 16. Qxa5 Nxa5 17. Bxb3 Nxb3 18. cxb3 Rb8 19. Nc1 Ng8 20. Nd5 Bxb2 21. Rb1
Bd4+ 22. Be3 Bxe3+ 23. Kxe3 Be6 24. Nc7 Rfc8 25. Nxe6 fxe6 26. Ne2 Nf6 27. Rhc1
Rxc1 28. Rxc1 e5 29. Rc7 Ng8 30. Nc1 a5 31. Ra7 Rb5 32. g4 g5 33. hxg5 h4 34.
Rc7 Rb8 35. d4 Kg6 36. dxe5 dxe5 37. Rc5 h3 38. Kf2 a4 39. Nd3 h2 40. Kg2 Rxb3
41. Nxe5+ Kxg5 42. Nc4+ Kf6 43. Rf5+ Kg7 44. Kxh2 Rc3 45. Ne5 a3 46. g5 Nf6 47.
gxf6+ exf6 48. Nd7 Rc7 49. Nxf6 Ra7 50. Nh5+ Kh6 51. Rd5 a2 52. Rd1 a1=Q 53.
Rxa1 Rxa1 54. Nf4 Kg5 55. Kg3 Ra3 56. Nh3+ Kf6 57. Kf4 Ra4 58. Nf2 Ke6 59. Nd3
Rc4 60. Kg4 Rd4 61. Nf2 Rd2 62. Kg3 Ke5 63. f4+ Kd4 64. e5 Kd5 65. Kf3 Ke6 66.
Ne4 Rd5 67. Ng5+ 1/2-1/2

[Event "AbuDhabiMaster"]
[Site "AbuDhabi"]
[Date "2005.??.??"]
[Round "3.16"]
[White "Aryanejad, Hossein"]
[Black "Potkin, Vladimir"]
[Result "0-1"]
[WhiteElo "2288"]
[BlackElo "2534"]
[PlyCount "86"]
[EventDate "2005.??.??"]
[WhiteTeam "Russia"]
[BlackTeam "Azerbaijan"]
[WhiteTeamCountry "RUS"]
[BlackTeamCountry "AZE"]

1. e4 e6 2. d4 d5 3. e5 c5 4. c3 Nc6 5. Nf3 Bd7 6. Bd3 cxd4 7. cxd4 Qb6 8. O-O
Nxd4 9. Nxd4 Qxd4 10. Nc3 a6 11. Qe2 Ne7 12. Kh1 Nc6 13. f4 Nb4 14. Rd1 Bc5 15.
Bxa6 Qf2 16. Qxf2 Bxf2 17. Bb5 Bxb5 18. Nxb5 Rxa2 19. Rxa2 Nxa2 20. Bd2 Kd7 21.
Ra1 Rc8 22. Na3 Bc5 23. Rxa2 Bb4 24. Be3 d4 25. Bxd4 Rc1+ 26. Bg1 Bc5 27. h3
Rxg1+ 28. Kh2 Rf1 29. g3 Rf2+ 30. Kh1 Rf1+ 31. Kh2 Rf2+ 32. Kh1 Kc6 33. Nc4 Kd5
34. Na5 b6 35. Nb7 Bd4 36. Ra8 Rxb2 37. Nd6 f6 38. Rd8 fxe5 39. Nf7+ Ke4 40.
Ng5+ Ke3 41. Rd6 h6 42. Nxe6 Kf3 43. Nxd4+ exd4 0-1

[Event "AbuDhabiMaster"]
[Site "AbuDhabi"]
[Date "2005.??.??"]
[Round "3.18"]
[White "Simonenko, Sergei"]
[Black "Mamedjarova, Zeinab"]
[Result "0-1"]
[WhiteElo "2483"]
[BlackElo "2262"]
[PlyCount "72"]
[EventDate "2005.??.??"]
[WhiteTeam "Russia"]
[BlackTeam "Azerbaijan"]
[WhiteTeamCountry "RUS"]
[BlackTeamCountry "AZE"]

1. g3 d5 2. f4 c6 3. Bg2 g6 4. Nf3 Bg7 5. e3 Nf6 6. O-O O-O 7. d3 Qb6 8. Qe2
Nfd7 9. d4 a5 10. Kh1 Qa6 11. Qe1 Nf6 12. b3 Bf5 13. c3 Nbd7 14. Ba3 Rfe8 15.
Ne5 Nxe5 16. fxe5 Ne4 17. c4 f6 18. cxd5 cxd5 19. exf6 exf6 20. Nc3 Nxc3 21.
Qxc3 Be4 22. Bxe4 Rxe4 23. Rf4 Ree8 24. Re1 Rac8 25. Qd2 a4 26. Bc5 axb3 27.
axb3 f5 28. Qg2 Rcd8 29. Qd2 Bh6 30. Rf3 Re6 31. Kg2 Rc8 32. Rff1 Qb5 33. Bb4
Rec6 34. Bc5 b6 35. b4 bxc5 36. bxc5 Qc4 0-1

[Event "AbuDhabiMaster"]
[Site "AbuDhabi"]
[Date "2005.??.??"]
[Round "3.23"]
[White "Momeni, Ebrahim"]
[Black "Himdan, Maher"]
[Result "0-1"]
[WhiteElo "2198"]
[BlackElo "2337"]
[PlyCount "72"]
[EventDate "2005.??.??"]
[WhiteTeam "Russia"]
[BlackTeam "Azerbaijan"]
[WhiteTeamCountry "RUS"]
[BlackTeamCountry "AZE"]

1. c4 c5 2. Nc3 Nc6 3. g3 g6 4. Bg2 Bg7 5. e3 Nh6 6. Nge2 Nf5 7. b3 a6 8. a4
Nb4 9. d4 cxd4 10. exd4 Nxd4 11. Nxd4 Bxd4 12. Bb2 O-O 13. O-O Bg7 14. Qd2 Rb8
15. Rad1 d6 16. Ne4 Bxb2 17. Qxb2 Be6 18. Rxd6 exd6 19. Nf6+ Kh8 20. Nd5+ f6
21. Nxb4 Qe7 22. Qd2 Rfe8 23. Bf3 Bh3 24. Rd1 Qe5 25. Nd5 Qf5 26. Nf4 g5 27.
Nxh3 Qxf3 28. Qxd6 Rbd8 29. Qxd8 Rxd8 30. Rxd8+ Kg7 31. b4 Qb3 32. Kg2 Qxc4 33.
Rd7+ Kg6 34. f3 Qxb4 35. Nf2 Qxa4 36. Rxb7 Qc6 0-1

[Event "AbuDhabiMaster"]
[Site "AbuDhabi"]
[Date "2005.??.??"]
[Round "3.25"]
[White "Faisal, Abdulla"]
[Black "Bogza, Adina"]
[Result "1-0"]
[WhiteElo "2175"]
[BlackElo "2325"]
[PlyCount "105"]
[EventDate "2005.??.??"]
[WhiteTeam "Russia"]
[BlackTeam "Azerbaijan"]
[WhiteTeamCountry "RUS"]
[BlackTeamCountry "AZE"]

1. e4 g6 2. d4 Bg7 3. c3 d6 4. Bc4 Nf6 5. Qe2 O-O 6. Nf3 c6 7. Bb3 Bg4 8. Nbd2
e5 9. dxe5 dxe5 10. h3 Bxf3 11. Nxf3 Nbd7 12. O-O a5 13. Bc2 Qe7 14. Be3 h6 15.
Rad1 g5 16. Nh2 Nc5 17. Qc4 Ne6 18. Rfe1 a4 19. Nf1 Nh5 20. Rd2 Rfc8 21. g3 b5
22. Qe2 Nf6 23. Red1 Bf8 24. Nh2 Qe8 25. Qf3 Be7 26. Qf5 a3 27. bxa3 Rxa3 28.
Bb3 Ng7 29. Qxe5 c5 30. c4 b4 31. Ng4 Nxg4 32. hxg4 Ra6 33. Rd7 Re6 34. Qd5 Bf8
35. f3 Re5 36. Qd2 Ne6 37. Ba4 Bg7 38. Rc7 Nxc7 39. Bxe8 Rcxe8 40. Qd6 Ne6 41.
Rd5 Nd4 42. Kg2 Rxd5 43. Qxd5 Re5 44. Qd8+ Kh7 45. Bxd4 cxd4 46. Qxd4 Ra5 47.
Qd2 Bc3 48. Qc2 Kg7 49. f4 Ra3 50. e5 Be1 51. c5 Bxg3 52. c6 Bxf4 53. c7 1-0

[Event "AbuDhabiMaster"]
[Site "AbuDhabi"]
[Date "2005.??.??"]
[Round "3.27"]
[White "Ahmed, Ishaq"]
[Black "Salem, Ghuloom"]
[Result "0-1"]
[WhiteElo "2079"]
[BlackElo "2318"]
[PlyCount "90"]
[EventDate "2005.??.??"]
[WhiteTeam "Russia"]
[BlackTeam "Azerbaijan"]
[WhiteTeamCountry "RUS"]
[BlackTeamCountry "AZE"]

1. e4 c5 2. Nf3 d6 3. d4 cxd4 4. Nxd4 Nf6 5. Nc3 a6 6. Be2 e6 7. Be3 Be7 8. O-O
O-O 9. f4 Nc6 10. Qd2 Bd7 11. Rad1 Qc7 12. Kh1 b5 13. a3 Nxd4 14. Bxd4 Bc6 15.
Bf3 e5 16. Bf2 Rac8 17. f5 a5 18. Rc1 Rb8 19. Qe3 b4 20. axb4 axb4 21. Nd5 Nxd5
22. exd5 Bb5 23. Rg1 Rfc8 24. g4 h6 25. h4 Qd7 26. Be4 Bd8 27. Qf3 f6 28. Rg2
Rc4 29. Be3 Qe8 30. Ra1 Bd7 31. Bd3 e4 32. Qf4 exd3 33. Qxc4 Qxe3 34. cxd3 Bb6
35. Qe4 Qh3+ 36. Rh2 Qg3 37. Qg2 Qxd3 38. Rh3 Qd4 39. Re1 Re8 40. Ra1 Bb5 41.
g5 Bc4 42. Kh2 Bxd5 43. Qc2 Qf4+ 44. Rg3 Bf2 45. Qd3 Bxg3+ 0-1

[Event "AbuDhabiMaster"]
[Site "AbuDhabi"]
[Date "2005.??.??"]
[Round "3.28"]
[White "Marwan, Abdulwahab"]
[Black "Akshat, Kamparia"]
[Result "0-1"]
[WhiteElo "1983"]
[BlackElo "2296"]
[PlyCount "100"]
[EventDate "2005.??.??"]
[WhiteTeam "Russia"]
[BlackTeam "Azerbaijan"]
[WhiteTeamCountry "RUS"]
[BlackTeamCountry "AZE"]

1. e4 c5 2. c4 Nc6 3. Nc3 g6 4. g3 Bg7 5. Bg2 d6 6. Nge2 h5 7. h3 e5 8. d3 Be6
9. Be3 Qd7 10. Nd5 Nd4 11. Nxd4 exd4 12. Bg5 f6 13. Bd2 Ne7 14. Qe2 Nc6 15. O-O
O-O 16. Nf4 Bf7 17. h4 Rae8 18. Qd1 Ne5 19. Bh3 Qd8 20. b4 Kh7 21. Rb1 b6 22.
bxc5 dxc5 23. Kh1 Qd6 24. Bc1 Rb8 25. a4 a6 26. Kh2 Bh6 27. Ng2 Bxc1 28. Rxc1
Be6 29. f4 Ng4+ 30. Bxg4 Bxg4 31. Qd2 Rfe8 32. Rf2 b5 33. axb5 axb5 34. cxb5
Rxb5 35. Qc2 Re7 36. Qc4 Reb7 37. Re1 Be6 38. Qa4 f5 39. e5 Qd5 40. Ree2 Rb1
41. Ne1 Rc1 42. Nf3 Rbb1 43. Ng5+ Kh6 44. Kh3 Qh1+ 45. Rh2 Qf1+ 46. Rhg2 Bd5
47. Qd7 Qxg2+ 48. Rxg2 Rh1+ 49. Rh2 Rxh2+ 50. Kxh2 Rh1# 0-1

[Event "AbuDhabiMaster"]
[Site "AbuDhabi"]
[Date "2005.??.??"]
[Round "3.29"]
[White "Boricsev, Oleg"]
[Black "Toufighi, Homayoon"]
[Result "0-1"]
[WhiteElo "2373"]
[BlackElo "2170"]
[PlyCount "148"]
[EventDate "2005.??.??"]
[WhiteTeam "Russia"]
[BlackTeam "Azerbaijan"]
[WhiteTeamCountry "RUS"]
[BlackTeamCountry "AZE"]

1. e4 e6 2. d4 d5 3. e5 c5 4. c3 Qb6 5. Nf3 Bd7 6. Be2 cxd4 7. cxd4 Bb5 8. Nc3
Bxe2 9. Nxe2 Bb4+ 10. Bd2 Nc6 11. O-O Bxd2 12. Qxd2 Nge7 13. Rac1 O-O 14. Ng3
f6 15. exf6 Rxf6 16. Rc3 Raf8 17. Re1 Ng6 18. Rb3 Qc7 19. Rbe3 Qd7 20. Ne2 Qe8
21. Qc3 Nce7 22. Ng3 Nf4 23. Ne5 Neg6 24. Ng4 R6f7 25. Ne2 Qd8 26. Nxf4 Nxf4
27. Rg3 Kh8 28. Ne5 Rf5 29. Qc5 Qh4 30. Nd7 Nd3 31. Qc3 Nxe1 32. Nxf8 Rxf8 33.
Qxe1 Qxd4 34. Rc3 e5 35. h3 e4 36. Qe3 Qf6 37. Rc2 b6 38. Rd2 Rd8 39. Rd4 h6
40. Qd2 Qe5 41. g3 Qf5 42. h4 Rd6 43. Qe3 a5 44. Qc3 Re6 45. Qd2 Rd6 46. b4
axb4 47. Qxb4 Rc6 48. Qd2 Rc5 49. Rb4 b5 50. Rd4 Qe5 51. Kg2 Kh7 52. Kg1 Qf5
53. Kg2 Qf3+ 54. Kg1 Rc3 55. Qd1 Qxd1+ 56. Rxd1 Rc5 57. h5 Kg8 58. Kg2 Kf7 59.
f3 Rc2+ 60. Kh3 Ke6 61. fxe4 dxe4 62. Rb1 e3 63. a3 Rf2 64. g4 Kd5 65. Rxb5+
Kd4 66. Kg3 Rf7 67. Rb8 Re7 68. Rd8+ Kc3 69. Rc8+ Kb3 70. Rc1 Kb2 71. Re1 Kc2
72. Kf3 Kd2 73. Re2+ Kd3 74. Ra2 e2 0-1

[Event "AbuDhabiMaster"]
[Site "AbuDhabi"]
[Date "2005.??.??"]
[Round "3.30"]
[White "Paridar, Shadi"]
[Black "Ibrahim, Ismail"]
[Result "1-0"]
[WhiteElo "2263"]
[BlackElo "2082"]
[PlyCount "72"]
[EventDate "2005.??.??"]
[WhiteTeam "Russia"]
[BlackTeam "Azerbaijan"]
[WhiteTeamCountry "RUS"]
[BlackTeamCountry "AZE"]

1. e4 c5 2. c3 d5 3. exd5 Qxd5 4. d4 Nc6 5. Nf3 e5 6. Be3 e4 7. Nfd2 Nf6 8. Na3
Bg4 9. Qa4 cxd4 10. Nb5 Qd7 11. Nxd4 Nxd4 12. Qxd7+ Bxd7 13. Bxd4 Bc6 14. O-O-O
Bd6 15. Bxf6 gxf6 16. Nxe4 Bf4+ 17. Nd2 O-O-O 18. Kc2 Rhg8 19. f3 Bd7 20. Ne4
f5 21. Nc5 Bc6 22. Rxd8+ Kxd8 23. Nb3 Ba4 24. g3 Be3 25. Bc4 f4 26. g4 Bc6 27.
Rd1+ Ke7 28. Bd5 Bb5 29. Nd4 Bd7 30. Bxb7 h5 31. h3 hxg4 32. hxg4 Rh8 33. Nf5+
Bxf5+ 34. gxf5 Rh2+ 35. Kb3 a5 36. a4 Kf6 1-0

[Event "AbuDhabiMaster"]
[Site "AbuDhabi"]
[Date "2005.??.??"]
[Round "3.31"]
[White "Khouri, Ibraheem Mohamed"]
[Black "Al Tamimi, Hamad"]
[Result "0-1"]
[WhiteElo "2062"]
[BlackElo "2244"]
[PlyCount "94"]
[EventDate "2005.??.??"]
[WhiteTeam "Russia"]
[BlackTeam "Azerbaijan"]
[WhiteTeamCountry "RUS"]
[BlackTeamCountry "AZE"]

1. e4 c6 2. d4 d5 3. f3 dxe4 4. fxe4 e5 5. Nf3 Nf6 6. Bc4 exd4 7. O-O Be6 8.
Bxe6 fxe6 9. e5 Ne4 10. Qe2 Qd5 11. Rd1 Bc5 12. Be3 O-O 13. c3 d3 14. Rxd3 Qc4
15. b4 Be7 16. Bd4 Ng5 17. Nfd2 Qa6 18. a4 Nf7 19. Nf3 Nd7 20. Nbd2 Rad8 21.
Re3 Qxe2 22. Rxe2 c5 23. bxc5 Nxc5 24. Rb1 Rd7 25. a5 Rc8 26. Ne4 Nxe4 27. Rxe4
a6 28. Re2 Nd8 29. Reb2 Bc5 30. Kf2 Rd5 31. Ra2 Rc7 32. Kg3 Nc6 33. Ra4 h6 34.
Kf4 Kf7 35. Rc1 Be7 36. Rb1 Nxa5 37. Kg3 Nc6 38. c4 Rxd4 39. Nxd4 Nxd4 40. Rf1+
Ke8 41. Rb1 Nc6 42. Kf4 a5 43. Rb2 Rd7 44. Rb5 Bb4 45. Ra2 Ke7 46. Rf2 Na7 47.
Rb6 Bc5 0-1

[Event "AbuDhabiMaster"]
[Site "AbuDhabi"]
[Date "2005.??.??"]
[Round "3.32"]
[White "Mansour, Abbas Khoori"]
[Black "Amer, Mohamed"]
[Result "1/2-1/2"]
[WhiteElo "2018"]
[BlackElo "2223"]
[PlyCount "49"]
[EventDate "2005.??.??"]
[WhiteTeam "Russia"]
[BlackTeam "Azerbaijan"]
[WhiteTeamCountry "RUS"]
[BlackTeamCountry "AZE"]

1. e4 c5 2. c3 g6 3. d4 cxd4 4. cxd4 d5 5. e5 Bg7 6. Nf3 Bg4 7. Qb3 Qd7 8. Nc3
Bxf3 9. gxf3 Nc6 10. Be3 Rd8 11. Na4 Rb8 12. Nc5 Qc8 13. Qxd5 e6 14. Qb3 Nge7
15. Rc1 O-O 16. Bh3 Nd5 17. Qxd5 exd5 18. Bxc8 Rfxc8 19. Kd2 Rc7 20. Rc3 Bxe5
21. dxe5 d4 22. Bxd4 Nxd4 23. f4 Rd8 24. Ke3 Nf5+ 25. Ke2 1/2-1/2

[Event "AbuDhabiMaster"]
[Site "AbuDhabi"]
[Date "2005.??.??"]
[Round "3.33"]
[White "Mamedjarova, Turkan"]
[Black "Salem, AR Saleh"]
[Result "1-0"]
[WhiteElo "2208"]
[BlackElo "2044"]
[PlyCount "73"]
[EventDate "2005.??.??"]
[WhiteTeam "Russia"]
[BlackTeam "Azerbaijan"]
[WhiteTeamCountry "RUS"]
[BlackTeamCountry "AZE"]

1. d4 d5 2. c4 e6 3. Nf3 Nf6 4. Nc3 b6 5. cxd5 exd5 6. Bf4 Bd6 7. Bxd6 Qxd6 8.
e3 c6 9. h3 O-O 10. Bd3 Nbd7 11. O-O Re8 12. Rc1 Bb7 13. Nh4 g6 14. Re1 Ne4 15.
Bxe4 dxe4 16. g3 Qe6 17. Kh2 Qf6 18. f4 c5 19. d5 a6 20. Rc2 b5 21. Rd2 c4 22.
Rd4 Nc5 23. Qc2 Rad8 24. Red1 Nd3 25. b3 Rc8 26. Nxe4 Qxd4 27. exd4 Rxe4 28.
bxc4 bxc4 29. Nf3 f6 30. d6 Nb4 31. Qb2 a5 32. d7 Rd8 33. a3 Re3 34. Re1 c3 35.
Qb3+ Bd5 36. Rxe3 Bxb3 37. Re8+ 1-0

[Event "AbuDhabiMaster"]
[Site "AbuDhabi"]
[Date "2005.??.??"]
[Round "4"]
[White "Gleizerov, Evgeny"]
[Black "Ganguly, Surya Shekhar"]
[Result "1/2-1/2"]
[WhiteElo "2572"]
[BlackElo "2596"]
[PlyCount "27"]
[EventDate "2005.??.??"]
[WhiteTeam "Russia"]
[BlackTeam "India"]
[WhiteTeamCountry "RUS"]
[BlackTeamCountry "IND"]

1. d4 Nf6 2. c4 g6 3. Nc3 d5 4. cxd5 Nxd5 5. Bd2 Bg7 6. e4 Nb6 7. Be3 O-O 8.
Be2 Nc6 9. d5 Ne5 10. Bd4 c5 11. Bxc5 Nec4 12. Qb3 Nxb2 13. Rc1 Bd7 14. Nf3
1/2-1/2

[Event "AbuDhabiMaster"]
[Site "AbuDhabi"]
[Date "2005.??.??"]
[Round "4"]
[White "Anastasian, Ashot"]
[Black "Guseinov, Gadir"]
[Result "1-0"]
[WhiteElo "2595"]
[BlackElo "2585"]
[PlyCount "92"]
[EventDate "2005.??.??"]
[WhiteTeam "Armenia"]
[BlackTeam "Azerbaijan"]
[WhiteTeamCountry "ARM"]
[BlackTeamCountry "AZE"]

1. d4 Nf6 2. c4 g6 3. Nc3 Bg7 4. e4 d6 5. Nf3 O-O 6. Be2 Bg4 7. Be3 Nfd7 8. O-O
Nc6 9. d5 Bxf3 10. Bxf3 Na5 11. Be2 Bxc3 12. bxc3 e5 13. dxe6 fxe6 14. f4 Qe7
15. Qa4 b6 16. Rad1 Rf7 17. g3 Raf8 18. h4 h6 19. Kg2 g5 20. fxg5 Rxf1 21. Rxf1
Rxf1 22. Kxf1 hxg5 23. Bxg5 Qf7+ 24. Kg2 Nc5 25. Qc2 Qg6 26. Bd3 e5 27. Bc1 Qe6
28. h5 Nxc4 29. Be2 b5 30. Bf3 Na4 31. g4 c6 32. g5 d5 33. Kg3 Nc5 34. exd5
cxd5 35. Bg4 Qf7 36. Qf5 Ne4+ 37. Kh4 Ncd6 38. Qxf7+ Kxf7 39. h6 b4 40. cxb4 d4
41. Bh5+ Kg8 42. g6 Nf5+ 43. Kg4 Ne3+ 44. Bxe3 dxe3 45. Kh3 Nc3 46. Kg3 e2 1-0

[Event "AbuDhabiMaster"]
[Site "AbuDhabi"]
[Date "2005.??.??"]
[Round "4"]
[White "Raetsky, Alexander"]
[Black "Volkov, Sergey"]
[Result "0-1"]
[WhiteElo "2453"]
[BlackElo "2622"]
[PlyCount "105"]
[EventDate "2005.??.??"]
[WhiteTeam "Russia"]
[BlackTeam "Russia"]
[WhiteTeamCountry "RUS"]
[BlackTeamCountry "RUS"]

1. c4 Nf6 2. d4 c6 3. Nf3 d5 4. e3 Bf5 5. Nc3 e6 6. Nh4 Bg6 7. Qb3 Qc7 8. Nxg6
hxg6 9. g3 Nbd7 10. Bg2 Nb6 11. cxd5 cxd5 12. O-O Be7 13. e4 Nxe4 14. Nxe4 dxe4
15. Bxe4 Qd7 16. a4 Rd8 17. a5 Nd5 18. Bd2 O-O 19. Rfc1 Bf6 20. Ra4 b5 21. axb6
axb6 22. Bxd5 Qxd5 23. Qxd5 Rxd5 24. Be3 Rb5 25. Rc2 g5 26. h3 Kh7 27. Kg2 Kg6
28. g4 Rd8 29. Kf3 Rb3 30. Ke4 b5 31. Ra6 Rb4 32. Rd2 Rh8 33. Rd3 Rxb2 34. d5
Rxh3 35. dxe6 Rb4+ 36. Kd5 fxe6+ 37. Rxe6 Rxg4 38. Rb6 Rf4 39. Rd2 Rf5+ 40. Kc6
Rh8 41. Rxb5 Rc8+ 42. Kb7 Rxb5+ 43. Kxc8 Kf5 44. Kd7 g4 45. Kc6 Rb8 46. Bb6 Ke4
47. Re2+ Kf3 48. Ra2 Rxb6+ 49. Kxb6 Bd4+ 50. Kc6 Bxf2 51. Kd5 g3 52. Ra3+ Be3
53. Ke5 0-1

[Event "AbuDhabiMaster"]
[Site "AbuDhabi"]
[Date "2005.??.??"]
[Round "4"]
[White "Iuldachev, Saidali"]
[Black "Djuric, Stefan"]
[Result "1-0"]
[WhiteElo "2541"]
[BlackElo "2463"]
[PlyCount "120"]
[EventDate "2005.??.??"]
[WhiteTeam "Uzbekistan"]
[BlackTeam "SCG"]
[WhiteTeamCountry "UZB"]

1. e4 Nf6 2. e5 Nd5 3. d4 d6 4. c4 Nb6 5. exd6 cxd6 6. Nc3 g6 7. h3 Bg7 8. Nf3
O-O 9. Be3 Nc6 10. Rc1 d5 11. c5 Nc4 12. Bxc4 dxc4 13. O-O Bf5 14. Qa4 e5 15.
dxe5 Nxe5 16. Nxe5 Bxe5 17. Rfd1 Qh4 18. Nd5 b5 19. Qxb5 c3 20. bxc3 Rab8 21.
Qe2 Rfe8 22. Qd2 Qc4 23. Bg5 Qxc5 24. Bf6 Re6 25. Bxe5 Rxe5 26. c4 Kg7 27. Qc3
Rbe8 28. Re1 f6 29. Re3 Qc6 30. Rce1 Rxe3 31. Rxe3 Bd7 32. Qd4 Rxe3 33. Qxe3
Be6 34. Qxa7+ Bf7 35. Qd4 g5 36. g4 h5 37. a4 Qe6 38. Ne3 Be8 39. a5 Bg6 40.
Kf1 Qc6 41. Nd5 Bf7 42. Ke1 Qd6 43. Kd2 h4 44. Ke1 Kg6 45. Kf1 Kg7 46. Kg1 Qc6
47. Qb6 Bxd5 48. cxd5 Qxd5 49. a6 Qd1+ 50. Kh2 Kg6 51. Qc6 Qf1 52. Qc2+ Kh6 53.
a7 Qa1 54. Qc7 Qa2 55. Qc5 Kg6 56. Kg2 Qa6 57. Qc7 Kh6 58. Qb8 Qc6+ 59. Kg1
Qc1+ 60. Kh2 Qe1 1-0

[Event "AbuDhabiMaster"]
[Site "AbuDhabi"]
[Date "2005.??.??"]
[Round "4"]
[White "Mamedjarova, Zeinab"]
[Black "Ulibin, Mikhail"]
[Result "1-0"]
[WhiteElo "2262"]
[BlackElo "2529"]
[PlyCount "112"]
[EventDate "2005.??.??"]
[WhiteTeam "Azerbaijan"]
[BlackTeam "Russia"]
[WhiteTeamCountry "AZE"]
[BlackTeamCountry "RUS"]

1. d4 e6 2. c4 f5 3. g3 Nf6 4. Bg2 c6 5. Qc2 d5 6. Nh3 Bd6 7. O-O O-O 8. Bf4
Be7 9. Nd2 Nh5 10. Bf3 Nxf4 11. gxf4 Nd7 12. Kh1 Nf6 13. e3 Bd7 14. Bg2 h6 15.
Nf3 Be8 16. Ne5 Bd6 17. a3 Kh8 18. f3 Nh5 19. Rac1 Qh4 20. Qf2 Qe7 21. Rg1 Rd8
22. Bf1 c5 23. cxd5 exd5 24. Bd3 Bxe5 25. fxe5 cxd4 26. exd4 g5 27. Qd2 Ng7 28.
Nxg5 hxg5 29. Rxg5 Bh5 30. Be2 f4 31. Rcg1 Rf7 32. Qe1 Rf5 33. Rxg7 Qxg7 34.
Rxg7 Kxg7 35. Qh4 Rdf8 36. e6 R8f6 37. Bd3 Bxf3+ 38. Kg1 Rh5 39. Qe1 Rg5+ 40.
Kf2 Be4 41. e7 Rg2+ 42. Kf1 Rfg6 43. Bxe4 Rg1+ 44. Kf2 Rxe1 45. e8=Q Rxe4 46.
Qd7+ Kh6 47. Qxd5 Re7 48. Qd8 Rf7 49. Qh8+ Kg5 50. Kf3 Rh6 51. Qd8+ Kg6 52. h4
Kg7 53. d5 Rhf6 54. d6 Rf8 55. Qc7+ R6f7 56. d7 Re7 1-0

[Event "AbuDhabiMaster"]
[Site "AbuDhabi"]
[Date "2005.??.??"]
[Round "4"]
[White "Kayumov, Sergey"]
[Black "Dobrov, Vladimir"]
[Result "1-0"]
[WhiteElo "2405"]
[BlackElo "2535"]
[PlyCount "119"]
[EventDate "2005.??.??"]
[WhiteTeam "Uzbekistan"]
[BlackTeam "Russia"]
[WhiteTeamCountry "UZB"]
[BlackTeamCountry "RUS"]

1. e4 e6 2. d4 d5 3. Nc3 Bb4 4. e5 c5 5. a3 Bxc3+ 6. bxc3 Qa5 7. Bd2 Qa4 8. Rb1
c4 9. h4 Nc6 10. h5 h6 11. Rh4 Nge7 12. Rg4 Rh7 13. Rf4 b6 14. Nh3 Bd7 15. g4
O-O-O 16. Rxf7 Rg8 17. g5 Be8 18. g6 Bxf7 19. gxh7 Rh8 20. Nf4 Rxh7 21. Bh3 Nd8
22. Rb4 Qa5 23. Qf3 Kc7 24. Ng6 Bxg6 25. Qf8 Bf7 26. Qxe7+ Kc8 27. f4 Rh8 28.
f5 Bxh5 29. fxe6 Kb8 30. Qd6+ Ka8 31. Bg2 Nb7 32. Bxd5 Rb8 33. Rxc4 Qb5 34.
Bxb7+ Kxb7 35. Qd7+ Qxd7 36. exd7 Bg4 37. d5 Bxd7 38. e6 Re8 39. Bf4 Bxe6 40.
Rc7+ Ka6 41. dxe6 Rxe6+ 42. Kd2 g5 43. Be3 Rg6 44. Rh7 Rd6+ 45. Bd4 Re6 46. Kd3
g4 47. Rg7 h5 48. Rh7 Rg6 49. Rxh5 g3 50. Rh1 g2 51. Rg1 Kb5 52. c4+ Ka4 53.
Bb2 b5 54. c5 a5 55. c6 Rd6+ 56. Ke3 b4 57. axb4 axb4 58. c7 Rc6 59. Be5 Rxc2
60. Rxg2 1-0

[Event "AbuDhabiMaster"]
[Site "AbuDhabi"]
[Date "2005.??.??"]
[Round "4.18"]
[White "Akshat, Kamparia"]
[Black "Gupta, Abhijeet"]
[Result "1/2-1/2"]
[WhiteElo "2296"]
[BlackElo "2380"]
[PlyCount "53"]
[EventDate "2005.??.??"]
[WhiteTeam "Uzbekistan"]
[BlackTeam "Russia"]
[WhiteTeamCountry "UZB"]
[BlackTeamCountry "RUS"]

1. d4 Nf6 2. c4 g6 3. Nc3 d5 4. Nf3 Bg7 5. cxd5 Nxd5 6. e4 Nxc3 7. bxc3 O-O 8.
Be2 c5 9. Rb1 cxd4 10. cxd4 Qa5+ 11. Qd2 Qxd2+ 12. Bxd2 b6 13. O-O Bb7 14. d5
Nd7 15. Bb4 Bf6 16. Bb5 Nc5 17. Bxc5 bxc5 18. Bc4 Bc8 19. Rb5 Bg4 20. Nd2 Bd7
21. Rxc5 Rfc8 22. Nb3 Ba4 23. Rc1 Bb2 24. Ba6 Rcb8 25. Rc8+ Kg7 26. R1c2 Rxc8
27. Rxc8 1/2-1/2

[Event "AbuDhabiMaster"]
[Site "AbuDhabi"]
[Date "2005.??.??"]
[Round "4.19"]
[White "Toufighi, Homayoon"]
[Black "Karavade, Eesha"]
[Result "0-1"]
[WhiteElo "2170"]
[BlackElo "2370"]
[PlyCount "72"]
[EventDate "2005.??.??"]
[WhiteTeam "Uzbekistan"]
[BlackTeam "Russia"]
[WhiteTeamCountry "UZB"]
[BlackTeamCountry "RUS"]

1. e4 c5 2. Nf3 d6 3. Bb5+ Nd7 4. O-O Ngf6 5. Re1 a6 6. Bxd7+ Bxd7 7. c3 e6 8.
d4 Be7 9. Bg5 h6 10. Bh4 O-O 11. Nbd2 cxd4 12. cxd4 Bc6 13. Bxf6 Bxf6 14. Qb3
d5 15. e5 Be7 16. Nf1 Qa5 17. Qe3 Rfc8 18. N3d2 Ba4 19. Rec1 Bc2 20. Nb3 Qb6
21. Ng3 a5 22. Nh5 a4 23. Nc5 Qxb2 24. Qg3 Bg6 25. Rab1 Qxd4 26. Nxe6 Qd3 27.
Qg4 Qf5 28. Qxf5 Bxf5 29. Nexg7 Bxb1 30. Rxb1 Ba3 31. e6 fxe6 32. Nxe6 Rc1+ 33.
Rxc1 Bxc1 34. Kf1 Kf7 35. Nc7 Rc8 36. Nb5 Rc2 0-1

[Event "AbuDhabiMaster"]
[Site "AbuDhabi"]
[Date "2005.??.??"]
[Round "4.20"]
[White "Himdan, Maher"]
[Black "Faisal, Abdulla"]
[Result "1-0"]
[WhiteElo "2337"]
[BlackElo "2175"]
[PlyCount "63"]
[EventDate "2005.??.??"]
[WhiteTeam "Uzbekistan"]
[BlackTeam "Russia"]
[WhiteTeamCountry "UZB"]
[BlackTeamCountry "RUS"]

1. e4 c5 2. Nf3 d6 3. d4 cxd4 4. Nxd4 Nf6 5. Nc3 a6 6. f4 Qc7 7. Be2 g6 8. O-O
Bg7 9. Kh1 O-O 10. Be3 Nbd7 11. Qe1 b5 12. a3 Bb7 13. Qh4 Nxe4 14. Nxe4 Bxe4
15. f5 Qb7 16. Bf3 Nf6 17. Rae1 Rac8 18. Bh6 Bxf3 19. Rxf3 Rc5 20. Bxg7 Kxg7
21. Rh3 Re5 22. Qh6+ Kg8 23. Rf1 Qe4 24. c3 e6 25. fxe6 fxe6 26. Kg1 Qb7 27.
Rhf3 Qg7 28. Qh3 g5 29. Nxe6 g4 30. Nxg7 gxh3 31. Rg3 Ne4 32. Ne6+ 1-0

[Event "AbuDhabiMaster"]
[Site "AbuDhabi"]
[Date "2005.??.??"]
[Round "4.23"]
[White "Prasad, Devaki V"]
[Black "Pourkashiyan, Atousa"]
[Result "1-0"]
[WhiteElo "2359"]
[BlackElo "2261"]
[PlyCount "107"]
[EventDate "2005.??.??"]
[WhiteTeam "Uzbekistan"]
[BlackTeam "Russia"]
[WhiteTeamCountry "UZB"]
[BlackTeamCountry "RUS"]

1. e4 e5 2. Nf3 Nf6 3. Nxe5 d6 4. Nf3 Nxe4 5. d4 d5 6. Bd3 Be7 7. O-O Nc6 8. c4
Nb4 9. Be2 O-O 10. Nc3 Bf5 11. a3 Nxc3 12. bxc3 Nc6 13. cxd5 Qxd5 14. Bf4 Rac8
15. Re1 Rfe8 16. c4 Qe4 17. Be3 Bf6 18. Ra2 Rcd8 19. Rd2 Qe7 20. c5 Be4 21. d5
Bxf3 22. gxf3 Ne5 23. d6 cxd6 24. cxd6 Qe6 25. Rd5 Ng6 26. f4 Nh4 27. Bg4 Qe4
28. f3 Qc4 29. d7 Re7 30. Bf2 Qxf4 31. Rxe7 Bxe7 32. Qe2 Qc1+ 33. Qe1 Qxe1+ 34.
Bxe1 f5 35. Bxh4 Bxh4 36. Bxf5 g6 37. Be6+ Kg7 38. a4 Rf8 39. Kg2 Bd8 40. Rb5
b6 41. Rb4 Rf6 42. Re4 Rf8 43. Bc4 h6 44. Kf2 Bf6 45. Re8 Bd8 46. Ke3 g5 47.
Bb5 Bc7 48. Ke4 h5 49. Kd5 a6 50. Kc6 Bd8 51. Bxa6 g4 52. fxg4 hxg4 53. Rxd8
Rxd8 54. Kc7 1-0

[Event "AbuDhabiMaster"]
[Site "AbuDhabi"]
[Date "2005.??.??"]
[Round "4.24"]
[White "Al Tamimi, Hamad"]
[Black "Tania, Sachdev"]
[Result "1/2-1/2"]
[WhiteElo "2244"]
[BlackElo "2343"]
[PlyCount "54"]
[EventDate "2005.??.??"]
[WhiteTeam "Uzbekistan"]
[BlackTeam "Russia"]
[WhiteTeamCountry "UZB"]
[BlackTeamCountry "RUS"]

1. e4 c5 2. Nf3 e6 3. c3 d5 4. exd5 exd5 5. d4 Nf6 6. Bb5+ Bd7 7. Bxd7+ Nbxd7
8. O-O Be7 9. dxc5 Nxc5 10. Nd4 O-O 11. Nf5 Nce4 12. Nxe7+ Qxe7 13. Be3 Rfe8
14. Nd2 b5 15. Bd4 b4 16. cxb4 Qxb4 17. Nb3 Qd6 18. f3 Ng5 19. Qd2 h6 20. Rad1
Rac8 21. Bxa7 Qa6 22. Bd4 Re2 23. Qd3 Rcc2 24. Rf2 Re1+ 25. Rf1 Ree2 26. Rf2
Re1+ 27. Rf1 Ree2 1/2-1/2